| 000 | 00436nam a2200157 a 4500 | ||
|---|---|---|---|
| 001 | 1852 | ||
| 003 | CDMR | ||
| 005 | 20131213164821.0 | ||
| 008 | 130130s1971||||||||||||||||||||||||||||d | ||
| 040 |
_aCDMR _bcat _cCDMR |
||
| 100 | 1 |
_aThibault-Laulan, Anne Marie _9758 |
|
| 245 | 1 | 2 |
_aL'image dans la société comtenporaine _cAnne-Marie Thibault Laulan |
| 260 |
_aParis _c1971 _bDenoël |
||
| 490 | _aLe point de la question | ||
| 942 |
_cMON _2udc |
||
| 999 |
_c1852 _d1852 |
||